| 000 | 00417nam a22001217a 4500 | ||
|---|---|---|---|
| 082 | _a220 PRO | ||
| 100 |
_aNS HAMZA NAWAZ KHAN NS KAINAT SAEED _971187 |
||
| 245 | _aPR-SOF-1736-Self Controlled UAV with Collision Avoidance | ||
| 260 |
_aISLAMABAD _bNUST COLLEGE OF EME _c2018 |
||
| 650 |
_aDE-COMP-36 DECLASS _971188 |
||
| 700 |
_aPROJECT SUPERVISORS DR. SHOAB AHMED KHAN DR. ABBAS DR. IMRAN SHAFI _971189 |
||
| 942 | _cCR | ||
| 999 |
_c577846 _d577846 |
||